000 00759nam a22002537a 4500
005 20170123162320.0
010 _a703650
020 _c6.00
035 _a703650
037 _bCen Lib/Ret
040 _aDPL
_bUR
082 _a841
_bر ش ی
100 _aرشی پتوالوی
_9108592
245 _aرگ رواں /
_cرشی پتوالوی
246 _aRag-e-ravan /
_bby Rashi Patyalvi
260 _aدہلی
_bرسالہ بیسویں صدی
_c1976
270 _aدریاگنج
_bدہلی
_e110006
300 _a184p.
_c21cm(Hb)
650 _aاردو ادب
_9116770
650 _aاردو نظم
_9116771
650 _aUrdu literature
_9116772
650 _aUrdu poetry
_9116773
942 _2ddc
_cUR
_h841
_mر ش ی
999 _c107041
_d107041